Statistics for UNSEXY Countries

Click here to take the quiz!

General Stats

  • This quiz has been taken 10 times
  • The average score is 9 of 20

Answer Stats

Answer% Correct
Togo
100%
Qatar
78%
Iraq
78%
Fiji
67%
Mali
56%
Morocco
56%
Malta
56%
Latvia
56%
Zambia
44%
Cambodia
44%
Chad
44%
Malawi
44%
Moldova
33%
Bolivia
33%
Brazil
33%
Kiribati
33%
Haiti
22%
Colombia
22%
Jamaica
11%
Croatia
11%

Score Distribution

Percentile by Number Answered

Percent of People with Each Score

Your Score History

You have not taken this quiz